Quizzes
Events
Quiz Creation
Community
Videos
Private Events
Remove Ads
Sign In
Join for FREE
Feedback
Dark Mode
Quiz Categories
Sports
Geography
Music
Movies
Television
Just For Fun
Miscellaneous
History
Literature
Language
Science
Gaming
Entertainment
Religion
Holiday
For Kids
Quiz Lab
Recent
Popular Today
Quiz Kudos Today
Editor Picks
Curator Picks
Quizzes by...
Day
Popularity
Type
Ratings
Length
Year
Community
Subscriptions
Recent Discussions
Orange Saloon
Badges
Playlists
Quests
Create
Leaderboards
Showdown
Live 5
Trivia Bingo
Activity
Puzzle Library
Sporcle Events
Private Events
Virtual Trivia
Globe League
Become a Host
Pub Owners
SporcleCon
Opinionation
Our Games
Videos
Blog
Mobile Apps
Partnerships
Remove Ads and Go Orange
Feedback
Gaming
Video Games
Board Games
Card Games
Pokémon
Mario
Nintendo
Minecraft
Console
Toys
Legend of Zelda
Gaming
Video Games
Board Games
Card Games
Pokémon
Mario
Nintendo
Minecraft
Console
Toys
Legend of Zelda
Random Quiz
Search Sporcle
×
Quiz Lab
Quiz Lab
Gaming
Pokémon
Type in answers that appear in a list
Type in answers that appear in a list
Classic
Best Score? Go Orange.
Pokemon Water types Stats
Can you name the Pokemon Water types?
By
xXSKATERXx
8m
92 Questions
30 Plays
30 Plays
30 Plays
Comments
Comments
Give Quiz Kudos
Give Quiz Kudos
-
- Ratings
hide this ad
More Info
Replay
Link that replays current quiz
Next Quiz
Link to next quiz in quiz playlist
You Got
0%
They Got
Avg Score
75%
Avg Friend Score
Upgrade to see
Score Distribution
Jump to the score distribution portion of the page
Score
0/92
Timer
08:00
0
Plays Today
Generation
Pokemon
% Correct
1
Squirtle
100%
1
Blastoise
100%
1
Wartortle
96.7%
1
Seel
96.7%
1
Dewgong
96.7%
1
Goldeen
96.7%
1
Seaking
96.7%
1
Lapras
96.7%
1
Poliwhirl
93.3%
1
Poliwrath
93.3%
1
Tentacool
93.3%
1
Tentacruel
93.3%
1
Staryu
93.3%
1
Starmie
93.3%
1
Magikarp
93.3%
2
Totodile
93.3%
1
Psyduck
90%
1
Poliwag
90%
1
Shellder
90%
1
Cloyster
90%
1
Gyarados
90%
2
Croconaw
90%
2
Feraligatr
90%
3
Mudkip
90%
1
Golduck
86.7%
1
Krabby
86.7%
1
Kingler
86.7%
1
Slowpoke
83.3%
1
Slowbro
83.3%
1
Horsea
83.3%
1
Seadra
83.3%
Generation
Pokemon
% Correct
1
Vaporeon
83.3%
3
Marshtomp
83.3%
3
Swampert
83.3%
4
Piplup
83.3%
4
Prinplup
83.3%
4
Empoleon
83.3%
1
Omanyte
80%
1
Omastar
80%
1
Kabuto
80%
1
Kabutops
80%
2
Politoed
80%
3
Wingull
80%
2
Slowking
76.7%
2
Kingdra
76.7%
2
Suicune
76.7%
3
Pelipper
76.7%
4
Phione
76.7%
4
Manaphy
76.7%
2
Chinchou
73.3%
2
Marill
73.3%
2
Azumarill
73.3%
3
Feebas
73.3%
3
Milotic
73.3%
3
Spheal
73.3%
3
Walrein
73.3%
2
Lanturn
70%
2
Octillery
70%
3
Sealeo
70%
3
Kyogre
70%
2
Remoraid
66.7%
2
Mantine
66.7%
Generation
Pokemon
% Correct
3
Lotad
66.7%
3
Lombre
66.7%
3
Wailord
66.7%
4
Palkia
66.7%
2
Wooper
63.3%
2
Quagsire
63.3%
3
Ludicolo
63.3%
3
Whiscash
63.3%
3
Clamperl
63.3%
3
Relicanth
63.3%
2
Qwilfish
60%
3
Sharpedo
60%
3
Barboach
60%
3
Huntail
60%
4
Mantyke
60%
2
Corsola
56.7%
3
Carvanha
56.7%
3
Wailmer
56.7%
3
Gorebyss
56.7%
3
Surskit
53.3%
4
Shellos
53.3%
4
Finneon
53.3%
3
Corphish
50%
3
Luvdisc
50%
4
Buizel
50%
4
Floatzel
50%
4
Lumineon
50%
3
Crawdaunt
46.7%
4
Bibarel
43.3%
4
Gastrodon
43.3%
Quiz Playlist
Details
Report
Send in Message
Add To Playlist
More Info:
Come on in....the waters' fine!
Classic:
Type in answers that appear in a list
Last Updated: Feb 16, 2017
Quiz Scoreboard
CHALLENGE
Sign Up to Join the Scoreboard
Show All
Scores
Hide
Comments
May contain spoilers
Recently Published
Presidents Visiting Landmarks
by Hejman
History
7m
An Introduction to Baseball
by treessimontrees
Sports
5m
Movies - When Are They Set?
by FPL_Elf
Movies
5m
More to Explore
Quiz From the Vault
Featured Blog Post
Where Did the Easter Bunny Come From?
hide this ad
You Might Also Like...
Tags
Pokémon Quiz
Generation
Water
Today's Top Quizzes in Gaming
Browse Gaming
hide this ad
Today's Top Quizzes in Pokémon
Browse Pokémon
Top Contributed Quizzes in Gaming
1
5-to-1: Consoles
2
7-to-1: Board Game Piece Blitz
3
5-to-1: Legend of Zelda
4
Destiny 2 exotic weapons by perk icons
5
Ultimate Genshin Impact Logic Puzzle (up to 4.3)
6
Franchise by Action Figure
7
Overwatch Logic Puzzle
8
Who's on the WWE 2K24 Cover?
9
Genshin Impact Logic Puzzle Quiz
10
Windmill: Pokémon
Explore More
Trending Topics
Harry Potter
NBA
Disney
Kpop
Marvel
Anime
Crossword
The Office
Pokémon
WWE
Puzzle
Soccer
NFL
Song
Country
hide this ad
More By:
xXSKATERXx
Quiz
Plays
Rating
Category
Featured
Created
Pokeballs
587
2.71
Gaming
Jul 5, 2010
Pokemon Ice types
113
4.00
Gaming
Jul 15, 2010
Pokemon Dragon types
99
3.00
Gaming
Jul 15, 2010
Pokemon Ghost types
75
3.00
Gaming
Jul 15, 2010
Pro Skaters' Teams
61
5.00
Sports
Jun 30, 2010
Go to Creator's Profile
Score Distribution
Quiz Creator Spotlight
xXSKATERXx
Follow
Send a Message
Quizzes Created
-
Created Quiz Play Count
-
More By This Creator
Popular Quizzes Today
1
Find the US States - No Outlines Minefield
2
Find the Countries of Europe - No Outlines Minefield
3
The Countries of the World
4
Find the US States
5
Popular People in 1961
6
US States
7
Risky Map Clicking: Biggest States A-Z
8
Movies - When Are They Set?
More Gaming Quizzes
Name that Pokémon I
Quiz Lab
Trending Quizzes
Risky Map Clicking: Least Populous States A-Z
1-10 Letter G Words
1-10 Letter F Words
Risky Map Clicking: Next State Alphabetically
Risky Map Clicking: Biggest States A-Z
Recently Updated
Leaping Animals
pecheneg
Reality TV Shows (A-Z)
bhenderson79
Rickey Henderson's Hall of Fame Teammates
pecheneg
Champions League XIs: Arsenal
pecheneg
Quick Pick: Celebrities in WWE's Hall of Fame
aduchscher
A-Z Keypad Blitz II
pecheneg
Multiple Oscar Actors
pecheneg
Mystery Phrase Blitz: Oscar 'Best Actors'
pecheneg
F. Scott Fitzgerald Novels
LTH
Pick 3 Villains
ddd62291
Trending Topics
Crossword
NBA
Marvel
Harry Potter
Anime
Kpop
Disney
Song
NFL
Soccer
Pokémon
WWE
Puzzle
The Office
Country
Your Account Isn't Verified!
In order to create a playlist on Sporcle, you need to verify the email address you used during registration. Go to your
Sporcle Settings
to finish the process.
Report this User
Report this user for behavior that violates our
Community Guidelines
.
Details:
Send Report
Go to the Sporcle.com Mobile Site →
Comments